000 00268nam a2200085Ia 4500
008 220203s9999 xx 000 0 und d
245 0 _aSeminar on Biomass Gasifier, 3 July 2003, Kottayam, India
260 _bRubber Research Institute of India
_aKottayam
_c2003
942 _cPN
999 _c45228
_d45228